000 00718nam a2200289Ia 4500
005 20260324130123.0
008 008 260324s9999 xx 000 0 eng d
020 _a9781032682761
037 _aEBOOK
040 _aCRL
040 _beng
040 _cCRL
041 _2eng
041 _aeng
084 _qCRL
100 _aAmanda Mayeaux; Kathryn Edmonds; Monique Wild
_91180587
245 0 _aTeamWork
245 0 _bSetting the Standard for Collaborative Teaching, Grades 5-9
260 _bTaylor and Francis
260 _c2008
365 _a
365 _b110
856 _uhttp://www.taylorfrancis.com/books/9781032682761
942 _cEBOOK
999 _c1776462
_d1776462